वृद्धसूर्याकरणकर्मविपाकः / (Record no. 878286)

MARC details
000 -LEADER
fixed length control field 01224nam a2200325 a 4500
001 - CONTROL NUMBER
control field vtls001449284
003 - CONTROL NUMBER IDENTIFIER
control field NLI
005 - DATE AND TIME OF LATEST TRANSACTION
control field 20210627120018.0
008 - FIXED-LENGTH DATA ELEMENTS--GENERAL INFORMATION
fixed length control field 121130s1909 ii 000 0 san
039 #9 - LEVEL OF BIBLIOGRAPHIC CONTROL AND CODING DETAIL [OBSOLETE]
-- 201211302004
-- VLOAD
040 ## - CATALOGING SOURCE
Original cataloging agency NLI
Language of cataloging saneng
Transcribing agency Datasoft_Sanskrit
Description conventions AACR2
041 0# - LANGUAGE CODE
Language code of text/sound track or separate title san
044 ## - COUNTRY OF PUBLISHING/PRODUCING ENTITY CODE
MARC country code ii
084 ## - OTHER CLASSIFICATION NUMBER
Classification number 180
Item number Jb 91.290
245 00 - TITLE STATEMENT
Linkage 880-02
Title वृद्धसूर्याकरणकर्मविपाकः /
Statement of responsibility, etc. सम्पादक कृष्णदास
260 ## - PUBLICATION, DISTRIBUTION, ETC.
Place of publication, distribution, etc. मुम्बंय्या :
Name of publisher, distributor, etc. वेंक्टेश्वर मुद्राणालये,
Date of publication, distribution, etc. 1909
300 ## - PHYSICAL DESCRIPTION
Extent 647 p. ;
Dimensions 25 cm.
650 #0 - SUBJECT ADDED ENTRY--TOPICAL TERM
Topical term or geographic name entry element Hinduism
General subdivision Rituals
9 (RLIN) 687172
650 #0 - SUBJECT ADDED ENTRY--TOPICAL TERM
Topical term or geographic name entry element Worship (Hinduism)
650 #0 - SUBJECT ADDED ENTRY--TOPICAL TERM
Topical term or geographic name entry element Prayer
General subdivision Hinduism
700 0# - ADDED ENTRY--PERSONAL NAME
Linkage 880-03
Personal name कृष्णदास,
Relationship edt
880 00 - ALTERNATE GRAPHIC REPRESENTATION
Linkage 245-02(B
a Vṛddhasūryākaraṇakarmavipākaḥ /
c edited by Kṛṣṇadāsa
880 ## - ALTERNATE GRAPHIC REPRESENTATION
Linkage 700-03(B
a Kṛṣṇadāsa
4 edt
887 ## - NON-MARC INFORMATION FIELD
Content of non-MARC field Rajani 07.08.2012 (Sumit Kumar Das)
901 ## - LOCAL DATA ELEMENT A, LDA (RLIN)
a SA2036
b 21.05.1959
902 ## - LOCAL DATA ELEMENT B, LDB (RLIN)
a 180 Jb 91.290
904 ## - LOCAL DATA ELEMENT D, LDD (RLIN)
c Rajani 07.08.2012 (Sumit Kumar Das)
l 13908
949 ## - LOCAL PROCESSING INFORMATION (OCLC)
-- VIRTUAITEM
-- 10000
-- 100
6 SAX000002036SAN
942 ## - ADDED ENTRY ELEMENTS (KOHA)
Source of classification or shelving scheme Dewey Decimal Classification
Koha item type Books
Holdings
Withdrawn status Lost status Damaged status Not for loan Home library Current library Date acquired Total Checkouts Full call number Barcode Date last seen Price effective from Koha item type
        National Library of India National Library of India     180 Jb 91.290 SAX000002036SAN 27/06/2021 27/06/2021 Books
                                                                           
web counter

Copyright ©2020 The National Library of India, Govt. of India ↔ Hosted by NVLI, MOC ↔ Technology and Design by National Library of India, Ministry of Culture, Govt. of India